Звичайний вигляд
Перегляд у МАРК
Входження „Personal Name“
Кількість записів, які використовуються: 1
001 - CONTROL NUMBER
- control field: 3058
003 - CONTROL NUMBER IDENTIFIER
- control field: UA-OsUOA
005 - DATE AND TIME OF LATEST TRANSACTION
- control field: 20240531124414.0
008 - FIXED-LENGTH DATA ELEMENTS
- fixed length control field: 240531|| aca||aabn | a|a d
040 ## - CATALOGING SOURCE
- Original cataloging agency: UA-OsUOA
- Transcribing agency: UA-OsUOA
100 ## - HEADING--PERSONAL NAME
- Personal name: Черінь Г
670 ## - SOURCE DATA FOUND
- Source citation: Work cat.: (UA-OsUOA)380683: Черінь Г., Листи до Лицаря. 1946–1949, 2012